| 000 | 00401 a2200157 4500 | ||
|---|---|---|---|
| 001 | 67202 | ||
| 020 | _a857478169X | ||
| 040 | _cAnchieta - Pituba | ||
| 100 | _aClemen, Paulo | ||
| 240 | 1 | 0 |
_aComo implantar uma área de comunicação interna _lpor |
| 245 | 1 | 0 | _aComo implantar uma área de comunicação interna |
| 300 | _a76 | ||
| 362 | 0 | _a2005 | |
| 650 | 4 | _aMeios de comunicação | |
| 942 | _cBK | ||
| 999 |
_c67202 _d67202 |
||